| 000 | 00620nam a2200205 a 4500 | ||
|---|---|---|---|
| 001 | 3092674 | ||
| 005 | 20241030172643.0 | ||
| 008 | 980202s1996 gh 001 0 eng | ||
| 020 | _a9964302088 | ||
| 050 | 0 | 0 |
_aKRX659 _b.W66 1996 |
| 082 | 0 | 0 |
_a346.66704/32 _221 |
| 100 | 1 | _aWoodman, Gordon R. | |
| 245 | 1 | 0 |
_aCustomary land law in the Ghanaian courts / _cGordon R. Woodman. |
| 260 |
_aAccra [Ghana] : _bGhana Universities Press, _c1996. |
||
| 300 |
_axii, 493 p. ; _c29 cm. |
||
| 500 | _aIncludes index. | ||
| 650 | 0 |
_aLand tenure _xLaw and legislation _zGhana. |
|
| 650 | 0 |
_aCustomary law _zGhana. |
|
| 942 |
_2lcc _cBK _n0 |
||
| 999 |
_c395 _d395 |
||